10 famous babies Quiz Stats

 Plays Quiz not verified by Sporcle

Challenge
Share
Tweet
Embed
Score 0/10 Timer 05:00
0 Plays Today
Hint Answer % Correct
Ranks as the world’s most popular baby, holding the title for more than 2,000 years.Baby Jesus
72.7%
Roman Polanski’s 1968 movieRosemary's Baby
52.7%
The first Internet phenomenonThe Dancing Baby
41.8%
20-month-old son was kidnapped on March 1Charles Lindbergh, Jr.
41.8%
Fell into an eight-inch pipe in her aunt’s backyard.Baby Jessica
38.2%
A giant, dimwitted duck wearing a diaper, an ill-fitting shirt and a fussy bonnet.Baby Huey
29.1%
First Test Tube BabyLouise Brown
20%
The doll was so lifelike it even “soiled” its diapersBaby Alive
7.3%
First Gerber BabyAnn Cook
3.6%
In 2006, a two-minute video was uploaded to YouTube, featuring William Nilsson
0%

You're not logged in!

Compare scores with friends on all Sporcle quizzes.
Join for Free
OR
Log In

You Might Also Like...

Show Comments

Extras

Created May 1, 2010SourceReportNominate
Tags:Famous Quiz, baby

Top Quizzes Today


Score Distribution

Your Account Isn't Verified!

In order to create a playlist on Sporcle, you need to verify the email address you used during registration. Go to your Sporcle Settings to finish the process.

Report this User

Report this user for behavior that violates our Community Guidelines.

Details: